Una damigella non in pericolo /

In un dialogo serrato con il narratore, la protagonista cerca di fargli capire che sa difendersi benissimo da sola e che, se c è qualcuno in difficoltà, non è certo lei! Una storia che racconta di una damigella in pericolo. Terribilmente, gravemente in pericolo... o forse no? La protagonista di ques...

Ausführliche Beschreibung

Gespeichert in:
Bibliographische Detailangaben
Weitere Verfasser: Stevens, Bethan (Illustrationen), Fontanella, Laura (Übersetzung)
Format: Buch
Sprache:Italienisch
Veröffentlicht: Cagli (PU) : Settenove, 2023
Tags: Tag hinzufügen
Keine Tags, Fügen Sie das erste Tag hinzu!

MARC

LEADER 00000nam a22000007i 4500
001 IT\ICCU\RT1\0180257
003 ItRI
005 20260115232208.0
008 230825s2023 it |||||| ||||| |||||c
020 |a 9788898947980 
040 |b ita  |c importazione bologna sebina 
041 7 |a ita  |2 ISO-639-2 
082 |a 823.92  |9 NARRATIVA INGLESE, 2000-  |2 23 
100 1 |a Stevens, Bethan  |0 IT\ICCU\RT1V\055052  |4 ill 
240 1 2 |a A damsell not in distress!  |3 IT\ICCU\RT1\1023087  |9 Stevens, Bethan 
245 1 4 |a Una damigella non in pericolo /  |c Bethan Stevens ; traduzione di Laura Fontanella. 
260 |a Cagli (PU) :  |b Settenove,  |c 2023 
300 |a 1 volume (senza paginazione) :  |b ill. ;  |c 28 cm 
520 |a In un dialogo serrato con il narratore, la protagonista cerca di fargli capire che sa difendersi benissimo da sola e che, se c è qualcuno in difficoltà, non è certo lei! Una storia che racconta di una damigella in pericolo. Terribilmente, gravemente in pericolo... o forse no? La protagonista di questa storia forse non assomiglia granché alle damigelle di cui avete sentito parlare. La ragazza infatti ha tutta l'intenzione di mostrare al Cavaliere dall'Armatura Splendente, al Principe Azzurro e a chiunque altro voglia decidere per lei, chi è che comanda! Perché una cosa è certa, lei non è una damigella in pericolo. Età di lettura: da 5 anni. 
700 1 |a Fontanella, Laura  |0 IT\ICCU\CFIV\349231  |4 trl 
942 |2 ddc  |c BK  |n 0 
952 |0 0  |1 0  |4 0  |6 R_823_920000000000000_STE  |7 0  |9 21759  |a BO  |b BO  |d 2026-01-15  |i 20478  |l 0  |o R 823.92 STE  |p BO20478  |r 2026-01-15 23:22:08  |w 2026-01-15  |x [Sebina 5] [1 v.]  |y BK  |z 1 v. 
999 |c 18591  |d 18591